000 00391nam a2200169Ia 4500
008 230524s9999 xx 000 0 und d
082 _a5.13
_bTUC
100 _aAllen Tucker
245 0 _aProgramming Language
250 _a1ST
260 _aNEW DELHI
_bTMH
_c2004
300 _aXII;401
500 _aQuantity Number: 4
650 _aComp-Sc
700 _a Robert Noonan
942 _cBK
999 _c33742
_d33742